| 000 | 00536nam a2200169 4500 | ||
|---|---|---|---|
| 999 |
_c4052 _d4052 |
||
| 008 | 160823b xxu||||| |||| 00| 0 eng d | ||
| 022 | _a2094-8042 | ||
| 082 | _aDPer 370.105 M72 Jan-Dec 2012 V. 60-61 | ||
| 100 |
_913503 _aGuzman, Rosalind B. |
||
| 243 | _aThe modern teacher | ||
| 245 |
_aOne new year day/ _cRosalind B. Guzman. |
||
| 260 |
_aPhilippines: _bIn the Grade School, Inc., _c©2012. |
||
| 300 |
_aV60 n8, page 336; _c28 cm |
||
| 500 | _aThe Modern Teacher | ||
| 650 | 0 |
_913504 _aHolidays _xNew Year |
|
| 942 |
_2ddc _cPER |
||